| 000 | 00555aas a2200169 4500 | ||
|---|---|---|---|
| 999 |
_c50500 _d50500 |
||
| 001 | 768714001 | ||
| 003 | CO-MdFUSB | ||
| 005 | 20170923101954.0 | ||
| 008 | 170912s1994 cr ||||| |||| 00| 0 spa d | ||
| 040 |
_aCO-MdFUSB _bspa _cCO-MdFUSB _dCO-MdFUSB |
||
| 041 | _aspa | ||
| 100 | 1 |
_aFumero, Mario E. _eautor |
|
| 245 | 1 | 0 |
_aEn busca de la popularidad _c/ Fumero, Mario E. |
| 300 |
_aVolumen 3. Número 3 (1994), páginas 46-47 _c: 28 cm. |
||
| 773 | 0 |
_tConquista Cristiana _049446 _960319 _gVolumen 3. Número 3 (1994), páginas 46-47 _qPágina 46. |
|
| 942 | _cANA | ||